<?xml version="1.0" encoding="UTF-8"?>
<record
    xmlns:xsi="http://www.w3.org/2001/XMLSchema-instance"
    xsi:schemaLocation="http://www.loc.gov/MARC21/slim http://www.loc.gov/standards/marcxml/schema/MARC21slim.xsd"
    xmlns="http://www.loc.gov/MARC21/slim">

  <leader>00808na  a2200217   4500</leader>
  <controlfield tag="001">23292</controlfield>
  <controlfield tag="003">MIRAKIL</controlfield>
  <controlfield tag="005">20181213155002.0</controlfield>
  <controlfield tag="008">170825b        tu            000 0      </controlfield>
  <datafield tag="040" ind1=" " ind2=" ">
    <subfield code="a">Milas</subfield>
    <subfield code="b">tur</subfield>
    <subfield code="c">TR-AnCHP</subfield>
  </datafield>
  <datafield tag="041" ind1=" " ind2=" ">
    <subfield code="a">tur</subfield>
  </datafield>
  <datafield tag="110" ind1=" " ind2=" ">
    <subfield code="a">T&#xFC;rkiye B&#xFC;y&#xFC;k Millet Meclisi (TBMM)</subfield>
  </datafield>
  <datafield tag="111" ind1=" " ind2=" ">
    <subfield code="a">T&#xFC;rkiye B&#xFC;y&#xFC;k Millet Meclisi 22. d&#xF6;nem genel de&#x11F;erlendirme toplant&#x131;s&#x131;</subfield>
    <subfield code="c">Ankara</subfield>
    <subfield code="d">18 Haziran2007</subfield>
  </datafield>
  <datafield tag="245" ind1=" " ind2=" ">
    <subfield code="a">T&#xFC;rkiye B&#xFC;y&#xFC;k Millet Meclisi 22. d&#xF6;nem genel de&#x11F;erlendirme toplant&#x131;s&#x131;</subfield>
    <subfield code="b">TBMM Ba&#x15F;kan&#x131; B&#xFC;lent Ar&#x131;n&#xE7;'&#x131;n konu&#x15F;ma metni</subfield>
    <subfield code="c">T&#xFC;rkiye B&#xFC;y&#xFC;k Millet Meclisi (TBMM)</subfield>
  </datafield>
  <datafield tag="246" ind1=" " ind2=" ">
    <subfield code="a">TBMM Ba&#x15F;kan&#x131; B&#xFC;lent Ar&#x131;n&#xE7;'&#x131;n konu&#x15F;ma metni</subfield>
  </datafield>
  <datafield tag="260" ind1=" " ind2=" ">
    <subfield code="a">Ankara</subfield>
    <subfield code="b">TBMM</subfield>
    <subfield code="c">2007</subfield>
  </datafield>
  <datafield tag="300" ind1=" " ind2=" ">
    <subfield code="a">15 s.</subfield>
    <subfield code="c">22 sm.</subfield>
  </datafield>
  <datafield tag="500" ind1=" " ind2=" ">
    <subfield code="a">GE&#xC7;&#x130;C&#x130; KATALOG KAYDIDIR.</subfield>
  </datafield>
  <datafield tag="942" ind1=" " ind2=" ">
    <subfield code="2">dcc</subfield>
    <subfield code="c">BKS</subfield>
  </datafield>
  <datafield tag="952" ind1=" " ind2=" ">
    <subfield code="a">0001</subfield>
    <subfield code="b">0001</subfield>
    <subfield code="d">2017-08-25</subfield>
    <subfield code="e">2</subfield>
    <subfield code="l">0</subfield>
    <subfield code="p">017277</subfield>
    <subfield code="r">2017-08-25 00:00:00</subfield>
    <subfield code="v">0.00</subfield>
    <subfield code="w">2017-08-25</subfield>
    <subfield code="y">BKS</subfield>
  </datafield>
  <datafield tag="999" ind1=" " ind2=" ">
    <subfield code="c">4351</subfield>
    <subfield code="d">4351</subfield>
  </datafield>
</record>
